INAKTIVACE PRASEČÍHO PARVOVIRU ß-PROPIOLAKTONEM A GLUTARALDEHYDEM

Bibliographic Details
Main Authors: Jeřábek, J. (Author), Dedek, L. (Author), Maňoušková, V. (Author)
Format: Article
Language:Czech

MARC

LEADER 00000nab a2200000uu 4500
001 vtls010912977
003 SK-MaSNL
005 20260303110049.0
008 230121|1986 xo |||||||||||||||||cze|
015 |a SNBRB 
035 |a (urnnbn)urn:nbn:sk:snk:ar-a095iy 
035 |a (uuid)4d9aa9cf-7e7f-4d2d-a555-a4913c8ce308 
035 |a urn:nbn:sk:snk-ab91tw 
040 |a SNKBUCL  |b slo  |c SNKBUCL  |e AACR2 
041 0 |a cze 
044 |a xo  |c SK 
100 1 |a Jeřábek, J.  |4 aut  |9 703945 
245 1 0 |a INAKTIVACE PRASEČÍHO PARVOVIRU ß-PROPIOLAKTONEM A GLUTARALDEHYDEM  |c J. Jeřábek, L. Dedek, V. Maňoušková 
700 1 |a Dedek, L.  |4 aut  |9 1121701 
700 1 |a Maňoušková, V.  |4 aut  |9 1121702 
773 0 |t Imunoprofylaxia  |g Č. 1 (1986), s. 67-76 
954 |a odborná, vedecká literatúra cudzojazyčná (svetová)  |2 lita 
958 |a OND 
958 |a EUIPO 
958 |a article10 
999 |c 1867722  |d 1869652